000 00497nam a2200157 4500
001 108614
003 ES-MaACL
007 t|
008 061121s1945 sp r ||||1| spa d
100 1 _aMonrad-Krohn, G.H.
_982264
245 1 0 _aExploración clínica del sistema nervioso /
_cpor G.H Monrad-Krohn.
260 _aBarcelona :
_bLabor,
_c1945.
300 _aXII, 293 p., 32 lám. :
_bil. ;
_c22 cm.
500 _aTraducción de la séptima edición inglesa.
852 _aES-MaACL
_jE-426
_bR.21604
999 _c108614
_d108614